Kean ou Désordre et génie (Record no. 170883)

MARC details
000 -LEADER
campo de control de longitud fija 00755nam a22002295i 4500
001 - NÚMERO DE CONTROL
campo de control 170883
003 - IDENTIFICADOR DE NÚMERO DE CONTROL
campo de control ES-MaACL
005 - FECHA Y HORA DE LA ÚLTIMA TRANSACCIÓN
campo de control 20250704062530.0
007 - CAMPO FIJO DE DESCRIPCIÓN FÍSICA--INFORMACIÓN GENERAL
campo de control de longitud fija t|
008 - DATOS DE LONGITUD FIJA--INFORMACIÓN GENERAL
campo de control de longitud fija 090414s1883 fr ||||1| fre d
080 ## - NÚMERO DE LA CLASIFICACIÓN DECIMAL UNIVERSAL
Número de la Clasificación Decimal Universal 821.133.1-2"18"
100 1# - ENTRADA PRINCIPAL--NOMBRE DE PERSONA
Nombre de persona Dumas, Alexandre,
Fechas asociadas al nombre 1802-1870
Término indicativo de función/relación Autor
9 (RLIN) 241135
245 10 - MENCIÓN DEL TÍTULO
Título Kean ou Désordre et génie
Resto del título : comédie en trois actes /
Mención de responsabilidad, etc. Alexandre Dumas.
246 10 - FORMA VARIANTE DEL TITULO
Título propio/Titulo breve Désordre et génie
260 ## - PUBLICACIÓN, DISTRIBUCIÓN, ETC.
Lugar de publicación, distribución, etc. Paris :
Nombre del editor, distribuidor, etc. Calmann-Lévy,
Fecha de publicación, distribución, etc. [1883?]
300 ## - DESCRIPCIÓN FÍSICA
Extensión p.[101]-212 ;
Dimensiones 19 cm.
490 1# - MENCIÓN DE SERIE
Mención de serie Théâtre complet d'Alex. Dumas
830 0# - PUNTO DE ACCESO ADICIONAL DE SERIE-TÍTULO UNIFORME
Título uniforme Théâtre complet d'Alex. Dumas
9 (RLIN) 188983
852 4# - LOCALIZACIÓN
Ubicación ES-MaACL
Número de control de estantería E-12566
itemnumber R.140158
Nota libre . - Biblioteca Jacinto Martínez Lacalle
942 ## - ELEMENTOS DE ENTRADA SECUNDARIOS (KOHA)
Fuente del sistema de clasificación o colocación Clasificación decimal universal
Holdings
Estatus retirado Estado de pérdida Estado de daño No para préstamo Colección Biblioteca de origen Biblioteca actual Ubicación en estantería Fecha de adquisición Fuente de adquisición Total de préstamos Signatura topográfica completa Código de barras Visto por última vez Precio de reemplazo Tipo de ítem Koha
        Libros del s. XIX Biblioteca del Ateneo de Madrid Biblioteca del Ateneo de Madrid Depósito 2 14/04/2009     E-12566 1179342 23/02/2023 23/02/2023 Libro impreso antiguo